| 000 | 00475nam a22001577a 4500 | ||
|---|---|---|---|
| 003 | OSt | ||
| 005 | 20140310182203.0 | ||
| 008 | 130903t xxu||||| |||| 00| 0 eng d | ||
| 050 |
_aBF 575 _b.M429 2001 |
||
| 082 |
_aHS 158 _bM43 2001 |
||
| 245 |
_aBeing a happy teenager _cMatthews, Andrew |
||
| 260 |
_aTrinity Beach, Qld. : _b Seashell ; Princes Risborough : John Wilson (distributor), _cc2001 |
||
| 300 |
_a132 p. : _bill. ; _c24 cm. |
||
| 942 |
_2lcc _cHS |
||
| 999 |
_c10259 _d10259 |
||